000 003010000a22001330004500
003 MACL
040 _aMACL
090 _c6669
_d6668
100 _aGandhi, M K
245 _aSocial Servece, Work & Reform
_bVol 2
260 _bNavajivean Publishing House
_c1976
650 _aSociology
942 _cBOOK
_k300
999 _c6621
_d6621